Klicke 12 deutsche Berge auf einer Karte an - Statistiken

Allgemein
  • Dieses Quiz wurde 88 mal gespielt
  • Das Durchschnittsergebnis liegt bei 6 aus 12
Antworten auf der Karte
Die Antworten werden auf der Karte rot bzw. grün angezeigt, abhängig davon wie oft sie richtig erraten wurden.
 
Antwortstatistiken
Antwort % Korrekt
Brocken
76%
Feldberg
73%
Watzmann
72%
Fichtelberg
59%
Zugspitze
58%
Hochwanner
50%
Langenberg
43%
Großer Beerenberg
42%
Erbeskopf
41%
Wasserkuppe
41%
Biberkopf
35%
Hohe Acht
27%
Keine übereinstimmenden Quizze gefunden
Verteilung der Resultate
Anzahl Personen mit jedem Resultat
Perzentil nach korrekt beantworteten Fragen
Ihre Resultats-Entwicklung
Sie haben dieses Quiz noch nicht gespielt